000 00526nam a2200181Ia 4500
999 _c3588
_d3588
003 OSt
005 20200814101704.0
008 190216s9999||||xx |||||||||||||| ||und||
020 _a9788173194726
040 _coclc
082 _a547.13
_bMOH/O
100 _aMohan, Jag
_94099
245 0 _aOrganic Analytical Chemistry Theory and Practice /
_cJag Mohan
260 _bNarosa Pubs House,
_c2012.
_aNew Delhi:
300 _a660p
650 _aChemistry
942 _cBK
_2ddc
_h547.13
_iMOH/O
_k547.13
_mMOH/O